Continuation of the national emergency with respect to significant narcotics traffickers centered in Colombia : communication from the President of the United States transmitting notification that the emergency declared with respect to significant narcotics traffickers centered in Colombia is to continue in effect for one year beyond October 21, 2014.
| Main Author: | |
|---|---|
| Corporate Author: | |
| Format: | Government Document eBook |
| Language: | English |
| Published: |
Washington :
U.S. Government Printing Office,
2014.
|
| Series: | House document (United States. Congress. House) ;
113-168. |
| Subjects: | |
| Online Access: | PDF version Text version PDF version Text version |
MARC
| Tag | First Indicator | Second Indicator | Subfields |
|---|---|---|---|
| LEADER | 00000cam a2200000 i 4500 | ||
| 001 | in00003598913 | ||
| 005 | 20191127092720.0 | ||
| 006 | m o d f | ||
| 007 | cr bn||||||||| | ||
| 008 | 141125s2014 dcu o f000 0 eng c | ||
| 035 | |a (OCoLC)ocn896881717 | ||
| 042 | |a pcc | ||
| 043 | |a s-ck--- |a n-us--- | ||
| 040 | |a GPO |b eng |e rda |e pn |c GPO |d GPO |d OCLCF |d GPO |d MvI | ||
| 049 | |a WWW | ||
| 074 | |a 0996-F (online) | ||
| 086 | 0 | |a Y 1.1/7:113-168 | |
| 110 | 1 | |a United States. |b President (2009-2017 : Obama), |e author. | |
| 240 | 1 | 0 | |a Continuation of the national emergency with respect to significant narcotics traffickers centered in Colombia (2014 November 12) |
| 245 | 1 | 0 | |a Continuation of the national emergency with respect to significant narcotics traffickers centered in Colombia : |b communication from the President of the United States transmitting notification that the emergency declared with respect to significant narcotics traffickers centered in Colombia is to continue in effect for one year beyond October 21, 2014. |
| 264 | 1 | |a Washington : |b U.S. Government Printing Office, |c 2014. | |
| 300 | |a 1 online resource (3 pages). | ||
| 336 | |a text |2 rdacontent |b txt | ||
| 337 | |a computer |2 rdamedia | ||
| 338 | |a online resource |2 rdacarrier |b cr | ||
| 490 | 1 | |a House document / 113th Congress, 2d session ; |v 113-168 | |
| 500 | |a Title from title screen (viewed November 25, 2014). | ||
| 500 | |a "Referred to the Committee on Foreign Affairs." | ||
| 500 | |a "November 12, 2014." | ||
| 650 | 0 | |a Drug control |z Colombia. | |
| 650 | 0 | |a Drug control |z United States. | |
| 650 | 0 | |a Drug traffic |z Colombia |x Prevention. | |
| 650 | 0 | |a Drug traffic |z United States |x Prevention. | |
| 651 | 0 | |a United States |x Relations |z Colombia. | |
| 651 | 0 | |a Colombia |x Relations |z United States. | |
| 650 | 7 | |a Drug control. |2 fast |0 (OCoLC)fst01032891 | |
| 650 | 7 | |a International relations. |2 fast |0 (OCoLC)fst00977053 | |
| 651 | 7 | |a Colombia. |2 fast |0 (OCoLC)fst01205916 | |
| 651 | 7 | |a United States. |2 fast |0 (OCoLC)fst01204155 | |
| 655 | 7 | |a Legislative materials. |2 lcgft | |
| 700 | 1 | |a Obama, Barack, |e author. | |
| 710 | 1 | |a United States. |b Congress. |b House. |b Committee on Foreign Affairs, |e issuing body. | |
| 776 | 0 | 8 | |i Microfiche version: |a United States. President (2009- : Obama). |s Continuation of the national emergency with respect to significant narcotics traffickers centered in Colombia (2014 November 12). |t Continuation of the national emergency with respect to significant narcotics traffickers centered in Colombia |w (OCoLC)914467644 |
| 776 | 0 | 8 | |i Print version: |a United States. President (2009- : Obama). |s Continuation of the national emergency with respect to significant narcotics traffickers centered in Colombia (2014 November 12). |t Continuation of the national emergency with respect to significant narcotics traffickers centered in Colombia |w (OCoLC)896881734 |
| 830 | 0 | |a House document (United States. Congress. House) ; |v 113-168. | |
| 856 | 4 | 0 | |3 PDF version |u https://purl.fdlp.gov/GPO/gpo53560 |t 0 |
| 856 | 4 | 0 | |3 Text version |u https://purl.fdlp.gov/GPO/gpo53561 |t 0 |
| 856 | 4 | 0 | |3 PDF version |u http://purl.fdlp.gov/GPO/gpo53560 |t 0 |
| 856 | 4 | 0 | |3 Text version |u http://purl.fdlp.gov/GPO/gpo53561 |t 0 |
| 999 | f | f | |s 1b9d6dfa-a82f-3d4d-94b4-a556edebc055 |i df2d140a-8afd-3ef9-8cad-a537c4625bd7 |t 0 |
| 952 | f | f | |a Texas A&M University |b College Station |c Electronic Resources |d Available Online |t 0 |e Y 1.1/7:113-168 |h Superintendent of Documents classification |
| 998 | f | f | |a Y 1.1/7:113-168 |t 0 |l Available Online |